000
00311nam a22001337a 4500
008
170619b xxu||||| |||| 00| 0 eng d
020
_a
0232760202
041
_a
eng
080
_a
94
100
_a
18
101
_a
SHP
245
_a
ROAD OPEC UNITED RELATIONS WITH VENEZUELA
_c
RABE.S.G
942
_2
udc
_c
BK
999
_c
18196
_d
18196